100 Busiest Airports in North America - Statistics

General Stats
  • This quiz has been taken 275 times
  • The average score is 82 of 100
Answers on the Map
Answers color-coded by a green-red scale on the quiz's map according to % correct below.
 
Answer Stats
Answer % Correct
New York City
98%
Los Angeles
97%
New York City (LaGuardia)
97%
Toronto
97%
Chicago O'Hare
96%
San Diego
96%
Mexico City
95%
Miami
95%
Toronto City
95%
Vancouver
95%
Atlanta
94%
Baltimore/Washington D.C.
94%
Houston (W.P. Hobby)
94%
Las Vegas
94%
Orlando
94%
Seattle/Tacoma
94%
Boston
93%
Charlotte
93%
Chicago Midway
93%
Denver
93%
Dulles/Washington D.C.
93%
Dallas Love Field
92%
Kansas City
92%
Montréal
92%
Washington D.C.
92%
Detroit
91%
New Orleans
91%
Phoenix
91%
Portland
91%
Tampa
91%
Vancouver (H.F. Centre)
91%
Anchorage
90%
Austin
90%
Guatemala City
90%
Minneapolis/St. Paul
90%
San Francisco
90%
San José (Costa Rica)
90%
Nassau
89%
Philadelphia
89%
San Jose
89%
San José del Cabo
89%
Honolulu
88%
Indianapolis
88%
Panama City
88%
San Salvador
88%
Calgary
87%
Newark
87%
Sacramento
87%
San Antonio
87%
Cancún
86%
Edmonton
86%
Jacksonville
86%
Memphis
86%
Oakland
86%
Fort Lauderdale/Hollywood (FL)
85%
Milwaukee
85%
Oklahoma City
85%
Salt Lake City
85%
St. Louis
85%
Cleveland
84%
Buffalo
83%
Ottawa
83%
Cincinnati
82%
Raleigh/Durham
82%
Pittsburgh
81%
Albuquerque
80%
Boise
80%
Dallas/Fort Worth
80%
Columbus
80%
Monterrey
80%
San Juan
80%
Santo Domingo
80%
Winnipeg
80%
Charleston
79%
Nashville
78%
Louisville
77%
Tijuana
76%
Belize City
75%
Halifax
74%
Savannah/Hilton Head
74%
Juneau
73%
Omaha
73%
Richmond
73%
Hartford
72%
Guadalajara
71%
Reno
71%
Spokane
68%
Fort Myers
66%
Norfolk
62%
Santa Ana
62%
West Palm Beach
61%
Punta Cana
59%
Houston
57%
Burbank/Hollywood
54%
Myrtle Beach
53%
Ontario (CA)
50%
Puerto Vallarta
50%
Kahului
44%
San Pedro
28%
St. Barthélemy
19%
No matching quizzes found
Score Distribution
Percent of People with Each Score
Percentile by Number Answered
Your Score History
You have not taken this quiz